Language Quiz

Random Language or Letter Quiz

'Lousy' Definitions from A-Z Quiz Stats

Quiz Updated Jun 2, 2016

Challenge
Share
Tweet
Embed
Score 0/24 Timer 04:00
1 Play Today
% Correct
ankylosaurus
94.2%
honeysuckle
93%
playhouse
93%
bootylicious
92.6%
slouchy
92.6%
yourself
92.1%
jealousy
91.4%
exclusionary
90.9%
oversupply
90.6%
ravenously
89.1%
unanimously
88.9%
generously
87.9%
% Correct
worshipfully
87%
compulsory
86.7%
meticulously
86.6%
questionably
86.2%
tediously
86.1%
vicariously
84.8%
illusory
83.5%
zealously
81.9%
luminosity
81.6%
nebulosity
66.3%
fatuously
63.8%
desultory
50.4%

You're not logged in!

Compare scores with friends on all Sporcle quizzes.
Sign Up with Email
OR
Log In

You Might Also Like...

Show Comments

Extras

Top Quizzes Today


Score Distribution

Your Account Isn't Verified!

In order to create a playlist on Sporcle, you need to verify the email address you used during registration. Go to your Sporcle Settings to finish the process.